Statistics for The Smallest Country In Each Continent

Click here to take the quiz!

General Stats

  • This quiz has been taken 39 times
  • The average score is 5 of 6

Answer Stats

Answer% Correct
Vatican City
100%
Seychelles
89%
St Kitts And Nevis
89%
Suriname
89%
Nauru
86%
Maldives
83%

Score Distribution

Percentile by Number Answered

Percent of People with Each Score

Your Score History

You have not taken this quiz